000 00971nam a2200253Ia 4500
003 OSt
005 20221005111731.0
006 a|||||r|||| 00| 0
007 ta
008 221004b |||||||| |||| 00| 0 hin d
024 _a122871
037 _bGift, 20/11/2012,
_cTextual
040 _aCRL
_cCRL
_bhin
041 _2hin
_ahin
082 _a2:7, 152M0
100 _aसुन्दरेश्वरन, के एस
_9163842
245 0 _aसन्दर्भ सेवा
_b सिद्धान्त और प्रयोग
246 _aSandarbha sevā: siddhānta aur prayoga
260 _aभोपाल
_bमध्यप्रदेश हिन्दी ग्रन्थ अकादमी भारत
_c1980
300 _a496पृ0
_ccm.
650 _aसन्दर्भ सेवा
942 _h2:7, 152M0
_cTEXL
_2cc
999 _c1022733
_d1022733